| 000 | 00425cam a2200169ua 4500 | ||
|---|---|---|---|
| 020 | _cRs 5.50 | ||
| 041 |
_ahin _h |
||
| 082 |
_a891.43 _bMAL/PR |
||
| 100 | _aMalaya, C . | ||
| 245 |
_aPrachin thoda naveen shesha - vidyarthi / _cC Malaya. _hTextual Documents |
||
| 260 |
_aNew Delhi : _bRajkamal Prakash , _c1960. |
||
| 300 | _a240 ; . | ||
| 365 | _aRs 5.50 | ||
| 504 | _a | ||
| 942 | _cBK | ||
| 999 |
_c2571 _d2571 |
||